Opportunities for Research in Renaissance Drama (Exclusive of Shakespeare)

Bibliografiska uppgifter
Materialtyp: Elektronisk Tidskrift
Språk:English
Publicerad: The University of Chicago Press
Ämnen:
Länkar:Full text available on JSTOR[1/1/55]
Off-campus access
LEADER 01052cas a2200217 a 4500
001 AALejournalJSTOR002012
008 230228c9999 xx r poo 0 0eng d
022 |a 2378-3990 
022 |a 2380-1182 
040 |a BD-DhAAL  |c BD-DhAAL 
245 0 0 |h [electronic resource]  |a Opportunities for Research in Renaissance Drama (Exclusive of Shakespeare) 
260 |b The University of Chicago Press 
300 |a 1 online resource 
362 0 |a no. 1 
500 |a <strong>Off-Campus Access:</strong> Athens ID and Password Required 
500 |a <strong>On-Campus Access:</strong> No User ID or Password Required 
506 |a Electronic access restricted to authorized BRAC University faculty, staff and students 
538 |a Mode of access: Internet 
650 4 |a Arts ; Humanities ; Language & Literature ; Performing Arts 
856 4 0 |z Full text available on JSTOR[1/1/55]  |u https://www.jstor.org/journal/opresrendrashake 
856 4 0 |z Off-campus access  |u https://go.openathens.net/redirector/bracu.ac.bd?url=https%3A%2F%2Fwww.jstor.org%2Fjournal%2Fopresrendrashake